000 00570nam a2200205Ia 4500
003 OSt
005 20230323101838.0
008 210423s1999 xx 000 0 und d
020 _a521556457
040 _cAL
041 _aeng
082 _a812.009
_223
_bMURB
100 _aMURPHY (Brenda),Ed.
_976817
245 _aCambridge companion to American women playwrights.
260 _aUK
_bCambridge University Press
_c1999
300 _axxxviii,285
_bPB
365 _b395
_cINR
906 _aAmerican ; Cambridge ; companion ; playwrights ; women
942 _2ddc
_cBK
999 _c155660
_d155660